| 000 | 00644nam a2200229Ia 4500 | ||
|---|---|---|---|
| 001 | 10540 | ||
| 003 | GE_BSU | ||
| 008 | 181216s||||||||xx |||||||||||||| ||und|| | ||
| 020 | _a9789941179587 | ||
| 040 | _cGE_BSU | ||
| 080 | _a656.073 | ||
| 100 | _aხარიტონაშვილი,ვ | ||
| 245 | _aსატრანსპორტო სისტემები | ||
| 260 | _aთბილისი | ||
| 260 | _bუნივერსალი | ||
| 260 | _c2013 | ||
| 300 | _a114გვ;20სმ. | ||
| 300 | _eბიბლიოგრ.გვ:113.ნახ;ცხრ; | ||
| 541 | _h15ლ. | ||
| 653 | _a656.073 | ||
| 942 | _cBK | ||
| 999 |
_c43795 _d43795 |
||